Fußball-Europameisterschaft Städte 1984 - Statistiken

Allgemein
  • Dieses Quiz wurde 39 mal gespielt
  • Das Durchschnittsergebnis liegt bei 5 aus 7
Antwortstatistiken
Bildquiz Antwort % Korrekt
Paris
100%
Marseille
95%
Lyon
89%
Straßburg
68%
Nantes
62%
Lens
43%
Saint-Étienne
38%
Keine übereinstimmenden Quizze gefunden
Verteilung der Resultate
Anzahl Personen mit jedem Resultat
Perzentil nach korrekt beantworteten Fragen
Ihre Resultats-Entwicklung
Sie haben dieses Quiz noch nicht gespielt